Statistics for Croatian cities and towns starting with B

Click here to take the quiz!

General Stats

  • This quiz has been taken 8 times
  • The average score is 5 of 8

Answer Stats

PopulationAnswer% Correct
36,433Bjelovar
100%
8,053Beli Manastir
86%
5,997Buzet
86%
9,728Benkovac
71%
4,451Buje
71%
5,598Biograd na Moru
57%
8,884Belišće
43%
7,581Bakar
29%

Score Distribution

Percentile by Number Answered

Percent of People with Each Score

Your Score History

You have not taken this quiz